<?xml version="1.0" encoding="UTF-8"?>
<record
    xmlns:xsi="http://www.w3.org/2001/XMLSchema-instance"
    xsi:schemaLocation="http://www.loc.gov/MARC21/slim http://www.loc.gov/standards/marcxml/schema/MARC21slim.xsd"
    xmlns="http://www.loc.gov/MARC21/slim">

  <leader>01145cam a2200373 i 4500</leader>
  <controlfield tag="001">000660</controlfield>
  <controlfield tag="003">DO-SdBNP</controlfield>
  <controlfield tag="005">20180208131504.0</controlfield>
  <controlfield tag="007">000660</controlfield>
  <controlfield tag="008">161108b  1996 sp a       ||||| |||| 00| 0 spa d</controlfield>
  <datafield tag="015" ind1=" " ind2=" ">
    <subfield code="a"> </subfield>
  </datafield>
  <datafield tag="017" ind1=" " ind2=" ">
    <subfield code="a"> </subfield>
    <subfield code="b"> </subfield>
  </datafield>
  <datafield tag="020" ind1=" " ind2=" ">
    <subfield code="a">8420447579</subfield>
  </datafield>
  <datafield tag="035" ind1=" " ind2=" ">
    <subfield code="a"> </subfield>
  </datafield>
  <datafield tag="040" ind1=" " ind2=" ">
    <subfield code="a">BPMSU</subfield>
    <subfield code="b">spa</subfield>
    <subfield code="c">BPMSU</subfield>
    <subfield code="e"> </subfield>
  </datafield>
  <datafield tag="080" ind1=" " ind2=" ">
    <subfield code="a"> </subfield>
  </datafield>
  <datafield tag="100" ind1="1" ind2=" ">
    <subfield code="a">Dorris, Michael</subfield>
  </datafield>
  <datafield tag="240" ind1="1" ind2=" ">
    <subfield code="a">Morning girl.</subfield>
    <subfield code="l">Espa&#xF1;ol</subfield>
  </datafield>
  <datafield tag="245" ind1="1" ind2="0">
    <subfield code="a">Ta&#xED;nos /</subfield>
    <subfield code="c">Michael Dorris ; traducci&#xF3;n de Miguel Mart&#xED;nez-Lage ; ilustraciones de Viv&#xED; Escriv&#xE1;.</subfield>
    <subfield code="h"> </subfield>
  </datafield>
  <datafield tag="250" ind1=" " ind2=" ">
    <subfield code="a">1&#xAA; reimp.</subfield>
  </datafield>
  <datafield tag="260" ind1=" " ind2=" ">
    <subfield code="a">Madrid :</subfield>
    <subfield code="b">Alfaguara,</subfield>
    <subfield code="c">1996.</subfield>
  </datafield>
  <datafield tag="300" ind1=" " ind2=" ">
    <subfield code="a">110 p. : </subfield>
    <subfield code="b">il. ; </subfield>
    <subfield code="c">20 cm. </subfield>
  </datafield>
  <datafield tag="490" ind1="1" ind2=" ">
    <subfield code="a">Alfaguara infantil </subfield>
  </datafield>
  <datafield tag="500" ind1=" " ind2=" ">
    <subfield code="a">Para ni&#xF1;os a partir de los 10 a&#xF1;os.
  
</subfield>
  </datafield>
  <datafield tag="500" ind1=" " ind2=" ">
    <subfield code="a">Primera reimpresi&#xF3;n: julio 1996</subfield>
  </datafield>
  <datafield tag="500" ind1=" " ind2=" ">
    <subfield code="a">Incluye datos  del autor en la solapa de la contracubierta.</subfield>
  </datafield>
  <datafield tag="521" ind1=" " ind2=" ">
    <subfield code="a">A partir de los 10 a&#xF1;os.</subfield>
  </datafield>
  <datafield tag="700" ind1="1" ind2="2">
    <subfield code="a">Mart&#xED;nez-Lage, Miguel,</subfield>
    <subfield code="e">tr. </subfield>
  </datafield>
  <datafield tag="700" ind1="1" ind2="2">
    <subfield code="a">Escriv&#xE1;, Viv&#xED;,</subfield>
    <subfield code="e">il.</subfield>
  </datafield>
  <datafield tag="830" ind1=" " ind2="0">
    <subfield code="a">Alfaguara infantil </subfield>
  </datafield>
  <datafield tag="942" ind1=" " ind2=" ">
    <subfield code="2">ddc</subfield>
    <subfield code="c">BK</subfield>
  </datafield>
  <datafield tag="945" ind1=" " ind2=" ">
    <subfield code="a">Inventariado, 2018/MFF</subfield>
  </datafield>
  <datafield tag="952" ind1=" " ind2=" ">
    <subfield code="0">0</subfield>
    <subfield code="1">0</subfield>
    <subfield code="2">ddc</subfield>
    <subfield code="4">0</subfield>
    <subfield code="7">0</subfield>
    <subfield code="8">CI-G</subfield>
    <subfield code="a">BPMET</subfield>
    <subfield code="b">BPMET</subfield>
    <subfield code="d">2016-11-08</subfield>
    <subfield code="e">Donaci&#xF3;n</subfield>
    <subfield code="l">0</subfield>
    <subfield code="p">BPMSU16111108</subfield>
    <subfield code="r">2016-11-08</subfield>
    <subfield code="w">2016-11-08</subfield>
    <subfield code="y">BK</subfield>
  </datafield>
  <datafield tag="952" ind1=" " ind2=" ">
    <subfield code="0">0</subfield>
    <subfield code="1">0</subfield>
    <subfield code="2">ddc</subfield>
    <subfield code="4">0</subfield>
    <subfield code="7">0</subfield>
    <subfield code="8">CI-G</subfield>
    <subfield code="a">BPMET</subfield>
    <subfield code="b">BPMET</subfield>
    <subfield code="d">2018-02-08</subfield>
    <subfield code="e">Donaci&#xF3;n</subfield>
    <subfield code="l">0</subfield>
    <subfield code="p">BPMSU18020104</subfield>
    <subfield code="r">2018-02-08</subfield>
    <subfield code="t">e.2</subfield>
    <subfield code="w">2018-02-08</subfield>
    <subfield code="y">BK</subfield>
  </datafield>
  <datafield tag="956" ind1=" " ind2=" ">
    <subfield code="a">LOPEREZ</subfield>
    <subfield code="8">10</subfield>
    <subfield code="c">BPMSU</subfield>
    <subfield code="2">20161108</subfield>
    <subfield code="3">00041</subfield>
  </datafield>
  <datafield tag="999" ind1=" " ind2=" ">
    <subfield code="c">11851</subfield>
    <subfield code="d">11851</subfield>
  </datafield>
</record>
